000
00413nam a2200133Ia 4500
008
100328s9999 xx 000 0 und d
082
_b
22919
100
_a
अष्टीकर मंदाकिनी
245
_a
ही आस मीलनाची
260
_b
हेमचंद्र
630
_a
ही आस मीलनाची
730
_a
ही आस मीलनाची
942
_c
BOOK
999
_c
516733
_d
516730